Statistics for UK Towns Quiz - Derbyshire - Extreme

Click here to take the quiz!

General Stats

  • This quiz has been taken 15 times
  • The average score is 19 of 92

Answer Stats

CluePopulationName of Town% Correct
D261,364Derby
100%
B3,276Bakewell
83%
C76,402Chesterfield
83%
M11,986Matlock
83%
A8,858Ashbourne
75%
B20,048Buxton
75%
B19,077Belper
67%
G17,825Glossop
67%
I38,735Ilkeston
67%
A8,799Alfreton
58%
H1,860Hathersage
58%
L1,873Little Eaton
50%
L37,817Long Eaton
50%
A2,432Aston-on-Trent
42%
B11,216Bolsover
42%
C7,243Chapel-en-Le-Frith
42%
D21,146Dronfield
42%
W4,904Wirksworth
42%
C8,919Clay Cross
33%
D1,154Dove Holes
33%
H24,265Heanor
33%
M
4,863
Melbourne
33%
N9,197New Mills
33%
R20,176Ripley
33%
S16,015South Normanton
33%
B1,174Baslow
25%
B7,171Borrowash
25%
C1,392Cromford
25%
E7,440Eckington
25%
N9,534North Wingfield
25%
S1,189Shardlow
25%
S1,080South Wingfield
25%
S34,576Swadlincote
25%
W4,612Whaley Bridge
25%
W6,406Wingerworth
25%
B7,398Breaston
17%
C1,913Chinley
17%
D3,996Darley Dale
17%
H16,280Hadfield
17%
H1,876Hayfield
17%
R2,762Repton
17%
S11,572Shirebrook
17%
S3,989Shirland
17%
S15,146Staveley
17%
T1,552Tideswell
17%
A1,565Ambergate
8%
B1,406Brailsford
8%
C2,070Crich
8%
D1,756Denby Bottles
8%
D1,760Doveridge
8%
E3,076Etwall
8%
F1,611Findern
8%
F1,069Furness Vale
8%
G3,126Gamesley
8%
H8,266Hilton
8%
K4,454kilburn
8%
N3,051Newton
8%
O4,186Old Tupton
8%
S9,368Sandiacre
8%
S2,202Smalley
8%
S15,096Somercotes
8%
T4,348Tibshelf
8%
W5,908West Hallam
8%
W2,714Willington
8%
B2,855Barlborough
0%
B1,369Bradwell
0%
B11,070Brimington
0%
C1,071Calver
0%
C7,755Clowne
0%
C5,796Creswell
0%
D1,774Duckmanton
0%
G1,563Glapwell
0%
G3,532Grassmoor
0%
H1,121Harpur Hill
0%
H2,564Hatton
0%
H2,588Heage
0%
H1,801Holbrook
0%
H1,365Holymoorside
0%
I1,824Ironville
0%
K9,082killamarsh
0%
L3,006Langwith
0%
L2,144Linton
0%
M4,696Makeney
0%
M1,079Milford
0%
M1,334Morton
0%
N1,432New Houghton
0%
O5,055Overseal
0%
P3,466Pisley
0%
R2,426Renishaw
0%
T1,179Tansley
0%
W3,721Whitwell
0%
W7,260Woodville
0%

Score Distribution

Percentile by Number Answered

Percent of People with Each Score

Your Score History

You have not taken this quiz